Govt. of
Madhya Pradesh

Madras (Record no. 4545)

MARC details
000 -LEADER
fixed length control field 004550000a22001810004500
003 - CONTROL NUMBER IDENTIFIER
control field MACL
005 - DATE AND TIME OF LATEST TRANSACTION
control field 20150930161123.0
008 - FIXED-LENGTH DATA ELEMENTS--GENERAL INFORMATION
fixed length control field 150930b xxu||||| |||| 00| 0 eng d
040 ## - CATALOGING SOURCE
Original cataloging agency MACL
Transcribing agency MACL
041 ## - LANGUAGE CODE
Language code of text/sound track or separate title English
082 ## - DEWEY DECIMAL CLASSIFICATION NUMBER
Classification number 900/MUT
100 ## - MAIN ENTRY--PERSONAL NAME
Personal name Muthiah, S.
9 (RLIN) 5089
245 ## - TITLE STATEMENT
Title Madras
Remainder of title Its Yesterdays, Todays And Tomorrow
260 ## - PUBLICATION, DISTRIBUTION, ETC. (IMPRINT)
Name of publisher, distributor, etc. Association Of British Council
Place of publication, distribution, etc. Madras
350 ## - PRICE (NR) (BK AM CF MU VM SE) [OBSOLETE]
Price 50
650 ## - SUBJECT ADDED ENTRY--TOPICAL TERM
Topical term or geographic name as entry element History
9 (RLIN) 12965
942 ## - ADDED ENTRY ELEMENTS (KOHA)
Koha item type Books
Call number prefix 900
Source of classification or shelving scheme
Holdings
Withdrawn status Lost status Source of classification or shelving scheme Damaged status Not for loan Home library Current library Date acquired Cost, normal purchase price Total Checkouts Full call number Barcode Date last seen Uniform Resource Identifier Price effective from Koha item type
          MACL MACL 15/04/2015 50.00   900/MUT CRE005075 02/05/2024 4513 15/04/2015 Books